000 00343nam a2200145Ia 4500
008 230718s9999 xx 000 0 und d
041 _aEng.
082 _a822.3
_bSHA-A
100 _aShakespeare, veilliam
245 2 _aA mind nights Dream
260 _aPakistan
_bLondon and New York
_c1994
300 _a275
650 _aLaw
999 _c26207
_d26207